| 000 | 00502nam a2200157 a 4500 | ||
|---|---|---|---|
| 005 | 20140412111243.0 | ||
| 008 | 010809s19uu xx 00 eng d | ||
| 020 | _a971-511-318-4 | ||
| 050 |
_aFil E _bGi1 1993 |
||
| 100 | _aGatmaitan, Luis | ||
| 245 |
_aMay giyera sa katawan ni Mark / _cLuis Gatmaitan, M. D. ; guhit ni Leo Cultura. |
||
| 260 |
_aManila, Philippines : _bHiyas Children's Collection, _c1993. |
||
| 300 | _a1v. (unp.) ; ill. | ||
| 650 | _aHealth-Juvenile literature | ||
| 999 |
_c102839 _d102839 |
||